| 000 | 00531nam a22001817a 4500 | ||
|---|---|---|---|
| 005 | 20231108110203.0 | ||
| 008 | 231108b |||||||| |||| 00| 0 eng d | ||
| 020 | _a0702129410 | ||
| 041 | _aEnglish | ||
| 082 | _a346.3 BUR | ||
| 100 |
_aBurchell, J _lEnglish |
||
| 245 |
_aPrinciples of Delict / _cJ Burchell |
||
| 250 | _aFirst Edition | ||
| 260 |
_aCape Town : _bJuta and Company Ltd, _c1993 |
||
| 300 |
_bxxiii, 269 pages ; _c25,5 cm. |
||
| 650 |
_aLegal practice _bLaw |
||
| 942 |
_cBK _6ALISON_BN_VRIES |
||
| 999 |
_c424 _d424 |
||